000 00375nam a2200157Ia 4500
008 221030s9999 xx 000 0 und d
020 _a8175440287
041 _aEnglish
082 _a105.23
_bBha
100 _aR. L. Bhatia
245 4 _aThe Global Manager
_cby R. L. Bhatia
260 _bWheeler Pub.
_aNew Delhi
_c1994
300 _a164
650 _aGeneral
942 _cBK
999 _c7350
_d7350